000 00507nam a2200193Ia 4500
005 20240823045834.0
008 240823s9999||||xx |||||||||||||| ||und||
020 _a978-0-7619-9447-3
041 _aENGLISH
082 _A658.300954 P9
100 _aVirmani B R
245 0 _aManaging People in Organisations The Challenges of Change
250 _a1st
260 _c2009
_b"Response Books,New "
500 _aYES
650 _aManaging Diversity
_bManagement Studies
942 _cBK
999 _c215879
_d215879